Elastomeric closures for parenteral applications (Record no. 58476)

MARC details
000 -LEADER
fixed length control field 00869nam a2200181Ia 4500
100 ## - MAIN ENTRY--AUTHOR NAME
Personal name Janssen Renaud
245 #0 - TITLE STATEMENT
Title Elastomeric closures for parenteral applications
260 ## - PUBLICATION, DISTRIBUTION, ETC. (IMPRINT)
Name of publisher Kautschuk Gummi Kunststoffe
Year of publication 2013
300 ## - PHYSICAL DESCRIPTION
Number of Pages 18-24
520 ## - SUMMARY, ETC.
Summary, etc Parenteral drug preparations are sterile preparations intended for administration by injection, infusion or implantation into the human or animal body (1). Especially for injection and infusion applications very often elastomeric closuresare used to guarantee the seal integrity of the entire drug package. This article gives an insight into the required property profile of such closures.
650 ## - SUBJECT ADDED ENTRY--TOPICAL TERM
Topical Term Elastomeric closures
650 ## - SUBJECT ADDED ENTRY--TOPICAL TERM
Topical Term Infusion bottles
650 ## - SUBJECT ADDED ENTRY--TOPICAL TERM
Topical Term Injection vials
650 ## - SUBJECT ADDED ENTRY--TOPICAL TERM
Topical Term Parenterals
650 ## - SUBJECT ADDED ENTRY--TOPICAL TERM
Topical Term Pre-fillable syringes
942 ## - ADDED ENTRY ELEMENTS (KOHA)
Koha item type Journals
Holdings
Withdrawn status Lost status Damaged status Not for loan Home library Current library Shelving location Date acquired Serial Enumeration / chronology Koha item type
      Journals RRII Library RRII Library Rubber technology 01/01/2021 Volume 66, Issue 02-Jan Journals